000
00219nam a2200085Ia 4500
008
220204s9999 xx 000 0 und d
245
0
_a
Project completion report.7. Plant Pathology
260
_a
Kottayam
_b
RRII
942
_c
BK
999
_c
44366
_d
44366